Southville International School and Colleges
Your cart is empty.
  • Cart
  • Lists
    Public lists Eva Luna New books Lux_list list_1
    Your lists Log in to create your own lists
  • Log in to your account
  • Your cookies
  • Search history
Southville International School and Colleges
  • Advanced search
  • Recent comments
  • Most popular
  • Libraries

Log in to your account

Log in with GOOGLE


If you do not have an external account, but do have a local account, you can still log in:

  1. Home
  2. MARC view: Trials of death /
Normal view MARC view ISBD view

Trials of death / (Record no. 10743)

[ view plain ]
MARC details
000 -LEADER
fixed length control field 01269cam a2200361 a 4500
001 - CONTROL NUMBER
control field 12979925
003 - CONTROL NUMBER IDENTIFIER
control field OSt
005 - DATE AND TIME OF LATEST TRANSACTION
control field 20140310182223.0
008 - FIXED-LENGTH DATA ELEMENTS--GENERAL INFORMATION
fixed length control field 021024s2003 nyu c 000 1 eng
010 ## - LIBRARY OF CONGRESS CONTROL NUMBER
LC control number 2002036849
020 ## - INTERNATIONAL STANDARD BOOK NUMBER
International Standard Book Number 9780316603959
040 ## - CATALOGING SOURCE
Original cataloging agency DLC
Transcribing agency DLC
Modifying agency DLC
-- DLC
042 ## - AUTHENTICATION CODE
Authentication code lcac
050 00 - LIBRARY OF CONGRESS CALL NUMBER
Classification number PZ7
Item number .Sh52823Tr 2003
082 00 - DEWEY DECIMAL CLASSIFICATION NUMBER
Classification number FIC
Item number Sh1c #5
100 1# - MAIN ENTRY--PERSONAL NAME
Personal name Shan, Darren.
9 (RLIN) 17437
245 10 - TITLE STATEMENT
Title Trials of death /
Statement of responsibility, etc Darren Shan.
246 1# - VARYING FORM OF TITLE
Display text At head of title:
Title proper/short title Cirque Du Freak
250 ## - EDITION STATEMENT
Edition statement 1st U.S. ed.
260 ## - PUBLICATION, DISTRIBUTION, ETC. (IMPRINT)
Place of publication, distribution, etc New York :
Name of publisher, distributor, etc Little, Brown,
Date of publication, distribution, etc 2001
300 ## - PHYSICAL DESCRIPTION
Extent 207 p. ;
Dimensions 22 cm.
490 1# - SERIES STATEMENT
Series statement The saga of Darren Shan ;
Volume number/sequential designation bk. 5
520 ## - SUMMARY, ETC.
Summary, etc .
650 #1 - SUBJECT ADDED ENTRY--TOPICAL TERM
Topical term or geographic name as entry element Vampires.
9 (RLIN) 17524
650 #1 - SUBJECT ADDED ENTRY--TOPICAL TERM
Topical term or geographic name as entry element Horror stories.
9 (RLIN) 3825
800 1# - SERIES ADDED ENTRY--PERSONAL NAME
Personal name Shan, Darren.
Title of a work Saga of Darren Shan ;
Volume/sequential designation bk. 5.
9 (RLIN) 17525
856 42 - ELECTRONIC LOCATION AND ACCESS
Materials specified Contributor biographical information
Uniform Resource Identifier <a href="http://www.loc.gov/catdir/enhancements/fy0742/2002036849-b.html">http://www.loc.gov/catdir/enhancements/fy0742/2002036849-b.html</a>
856 42 - ELECTRONIC LOCATION AND ACCESS
Materials specified Publisher description
Uniform Resource Identifier <a href="http://www.loc.gov/catdir/enhancements/fy0904/2002036849-d.html">http://www.loc.gov/catdir/enhancements/fy0904/2002036849-d.html</a>
906 ## - LOCAL DATA ELEMENT F, LDF (RLIN)
a 7
b cbc
c orignew
d 1
e ocip
f 20
g y-gencatlg
942 ## - ADDED ENTRY ELEMENTS (KOHA)
Source of classification or shelving scheme Library of Congress Classification
Koha item type
Holdings
Withdrawn status Lost status Source of classification or shelving scheme Damaged status Home library Current library Shelving location Date acquired Total Checkouts Full call number Barcode Date last seen Date checked out Price effective from Koha item type
    Library of Congress Classification   Luxembourg Library Luxembourg Library Fiction Section 09/09/2013 1 PZ 7 .Sh52823Tr 2003 18106 12/03/2018 11/28/2018 09/09/2013 Books

Trials of death /

APA

Shan D., . (2001). Trials of death. New York: Little, Brown.

Chicago

Shan Darren, . 2001. Trials of death. New York: Little, Brown.

Harvard

Shan D., . (2001). Trials of death. New York: Little, Brown.

MLA

Shan Darren, . Trials of death. New York: Little, Brown. 2001.

  • Place hold
  • Print
  • Cite
  • Add to your cart (remove)
  • Save record
    BIBTEX Dublin Core MARCXML MARC (non-Unicode/MARC-8) MARC (Unicode/UTF-8) MARC (Unicode/UTF-8, Standard) MODS (XML) RIS
  • More searches
    Search for this title in:
    Other Libraries (WorldCat) Other Databases (Google Scholar) Online Stores (Bookfinder.com) Open Library (openlibrary.org)

Exporting to Dublin Core...

SOUTHVILLE LIBRARY

Southville International School and Colleges Library

1281 Tropical Ave. Cor. Luxembourg St., BF Homes International, Las Pinas City

Tel. No. 8256374 / 252358 Loc. 117/146

Powered by Koha